<?xml version="1.0" encoding="UTF-8"?>
<record
    xmlns:xsi="http://www.w3.org/2001/XMLSchema-instance"
    xsi:schemaLocation="http://www.loc.gov/MARC21/slim http://www.loc.gov/standards/marcxml/schema/MARC21slim.xsd"
    xmlns="http://www.loc.gov/MARC21/slim">

  <leader>00649nam a2200217Ia 4500</leader>
  <controlfield tag="001">7010</controlfield>
  <controlfield tag="003">GE_BSU</controlfield>
  <controlfield tag="008">181216s||||||||xx |||||||||||||| ||und||</controlfield>
  <datafield tag="040" ind1=" " ind2=" ">
    <subfield code="c">GE_BSU</subfield>
  </datafield>
  <datafield tag="080" ind1=" " ind2=" ">
    <subfield code="a">66.048(075)</subfield>
  </datafield>
  <datafield tag="100" ind1=" " ind2=" ">
    <subfield code="a">&#x411;&#x430;&#x433;&#x430;&#x442;&#x443;&#x440;&#x43E;&#x432;,&#x421;.&#x410;.</subfield>
  </datafield>
  <datafield tag="245" ind1=" " ind2=" ">
    <subfield code="a">&#x422;&#x435;&#x43E;&#x440;&#x438;&#x44F; &#x438; &#x440;&#x430;&#x441;&#x447;&#x435;&#x442; &#x43F;&#x435;&#x440;&#x435;&#x433;&#x43E;&#x43D;&#x43A;&#x438; &#x438; &#x440;&#x435;&#x43A;&#x442;&#x438;&#x444;&#x438;&#x43A;&#x430;&#x446;&#x438;&#x438;.</subfield>
  </datafield>
  <datafield tag="245" ind1=" " ind2=" ">
    <subfield code="c">&#x412;&#x435;&#x434;. &#x440;&#x435;&#x434;. &#x421;.&#x418;.&#x411;&#x430;&#x431;&#x443;&#x448;&#x43A;&#x438;&#x43D;&#x430;.</subfield>
  </datafield>
  <datafield tag="260" ind1=" " ind2=" ">
    <subfield code="a">&#x41C;.</subfield>
  </datafield>
  <datafield tag="260" ind1=" " ind2=" ">
    <subfield code="b">&#x413;&#x43E;&#x441;&#x442;&#x43E;&#x43F;&#x442;&#x435;&#x445;&#x438;&#x437;&#x434;&#x430;&#x442;.</subfield>
  </datafield>
  <datafield tag="260" ind1=" " ind2=" ">
    <subfield code="c">1961.</subfield>
  </datafield>
  <datafield tag="300" ind1=" " ind2=" ">
    <subfield code="a">435&#x441;&#x442;&#x440;. 22&#x441;&#x43C;.</subfield>
  </datafield>
  <datafield tag="300" ind1=" " ind2=" ">
    <subfield code="e">&#x442;&#x430;&#x431;&#x43B;.</subfield>
  </datafield>
  <datafield tag="653" ind1=" " ind2=" ">
    <subfield code="a">&#x422;&#x435;&#x43E;&#x440;&#x438;&#x44F; &#x438; &#x440;&#x430;&#x441;&#x447;&#x435;&#x442; &#x43F;&#x435;&#x440;&#x435;&#x433;&#x43E;&#x43D;&#x43A;&#x438; &#x438; &#x440;&#x435;&#x43A;&#x442;&#x438;&#x444;&#x438;&#x43A;&#x430;&#x446;&#x438;&#x438;.</subfield>
  </datafield>
  <datafield tag="942" ind1=" " ind2=" ">
    <subfield code="c">BK</subfield>
  </datafield>
  <datafield tag="999" ind1=" " ind2=" ">
    <subfield code="c">40402</subfield>
    <subfield code="d">40402</subfield>
  </datafield>
  <datafield tag="952" ind1=" " ind2=" ">
    <subfield code="0">0</subfield>
    <subfield code="1">0</subfield>
    <subfield code="4">0</subfield>
    <subfield code="7">0</subfield>
    <subfield code="9">45049</subfield>
    <subfield code="d">2018-12-17</subfield>
    <subfield code="p">10148</subfield>
    <subfield code="r">2018-12-17</subfield>
    <subfield code="w">2018-12-17</subfield>
    <subfield code="y">BK</subfield>
  </datafield>
  <datafield tag="952" ind1=" " ind2=" ">
    <subfield code="0">0</subfield>
    <subfield code="1">0</subfield>
    <subfield code="4">0</subfield>
    <subfield code="7">0</subfield>
    <subfield code="9">45050</subfield>
    <subfield code="d">2018-12-17</subfield>
    <subfield code="p">9625</subfield>
    <subfield code="r">2018-12-17</subfield>
    <subfield code="w">2018-12-17</subfield>
    <subfield code="y">BK</subfield>
  </datafield>
</record>
